Theatre in Maharashtra (Record no. 85325)

MARC details
000 -LEADER
fixed length control field 00669cam a2200229 4500
001 - CONTROL NUMBER
control field sa 68013763
003 - CONTROL NUMBER IDENTIFIER
control field DLC
005 - DATE AND TIME OF LATEST TRANSACTION
control field 20260227112625.0
008 - FIXED-LENGTH DATA ELEMENTS--GENERAL INFORMATION
fixed length control field 691204s1967 ii a 000 0 eng
010 ## - LIBRARY OF CONGRESS CONTROL NUMBER
LC control number sa 68013763
025 ## - OVERSEAS ACQUISITION NUMBER
Overseas acquisition number PL480:I-E-11035
040 ## - CATALOGING SOURCE
Original cataloging agency DLC
Transcribing agency DLC
Modifying agency DLC
043 ## - GEOGRAPHIC AREA CODE
Geographic area code a-ii---
050 00 - LIBRARY OF CONGRESS CALL NUMBER
Classification number PN2885.M3
Item number K3
082 00 - DEWEY DECIMAL CLASSIFICATION NUMBER
Classification number 792/.0954/792
100 1# - MAIN ENTRY--PERSONAL NAME
Personal name Kale, Ke. Nārāyaṇa,
Dates associated with a name 1904-1974.
245 10 - TITLE STATEMENT
Title Theatre in Maharashtra
Statement of responsibility, etc. [by] K. Narayan Kale.
260 ## - PUBLICATION, DISTRIBUTION, ETC.
Place of publication, distribution, etc. [New Delhi]
Name of publisher, distributor, etc. Maharashtra Information Centre, Govt. of Maharashtra,
Date of publication, distribution, etc. [1967]
300 ## - PHYSICAL DESCRIPTION
Extent [a]-b, 23 p.
Other physical details illus.
Dimensions 21 cm.
350 ## - PRICE (NR) (BK AM CF MU VM SE) [OBSOLETE]
Price 0.50
650 #0 - SUBJECT ADDED ENTRY--TOPICAL TERM
Topical term or geographic name entry element Theater
Geographic subdivision India
-- Maharashtra.

No items available.

Powered by Koha